Principles of Contemporary Marketing / (رقم التسجيلة. 26574)

تفاصيل مارك
000 -الفاتح
حقل البيانات ثابتة الطول 00864pam a2200289 a 4500
001 - رقم الضبط
رقم الضبط 2878439
003 - محدد رقم الضبط
رقم الضبط OSt
005 - وقت وتاريخ اخر تعامل مع التسجيلة
رقم الضبط 20150408114106.0
008 - عناصر البيانات ثابتة الطول - معلومات عامة
حقل البيانات ثابتة الطول 860606s 2012ilua | b 001 0 eng
010 ## - رقم ضبط مكتبة الكونجرس
رقم ضبط مكتبة الكونجرس 86013577
020 ## - الرقم الدولى المعيارى للكتب
الرقم الدولى المعيارى للكتاب 0030099471
020 ## - الرقم الدولى المعيارى للكتب
الرقم الدولى المعيارى للكتاب 9780538481779
040 ## - مصدر الفهرسة
وكالة الفهرسة الأصلية DLC
وكالة النسخ DLC
وكالة التعديل DLC
050 00 - رقم طلب مكتبة الكونجرس
رقم التصنيف HF5415
رقم المادة .K849 1987
082 00 - رقم تصنيف ديوى العشرى
رقم التصنيف 658.8
رقم الطبعة 22
رقم المادة KDP
100 1# - المدخل الرئيسى - إسم شخصى
الإسم الشخصى Kurtz, David L.
9 (RLIN) 18794
245 10 - بيان العنوان
العنوان Principles of Contemporary Marketing /
بيان المسئوليه,etc David L. Kurtz.
250 ## - بيان الطبعة
بيان الطبعة 15th ed.
260 ## - PUBLICATION, DISTRIBUTION, ETC. (IMPRINT)
مكان الناشر او الموزع Chicago :
اسم الناشر او الموزع Dryden Press,
تاريخ النشر أو التوزيع 2012
300 ## - الوصف المادى
التعداد xxvii, 662, 22, 18 p. :
تفاصيل ماديه اخرى للوعاء ill. ;
أبعاد الوعاء 24 cm.
440 #0 - بيان السلسلة/مدخل إضافى-العنوان
العنوان Dryden Press series in marketing
9 (RLIN) 18795
504 ## - تبصرة ببليوجرافية
تبصرة ببليوجرافية,الخ Includes bibliographical references and indexes.
650 #0 - المدخل الاضافى بالموضوع-مصطلح موضوعى
مصطلح موضوعي أو اسم جغرافي كعنصر مدخل Marketing.
700 1# - المدخل الاضافى - اسم شخصى
الإسم الشخصى Boone, Louis E.
9 (RLIN) 18796
906 ## - عنصر بيانات محلى F, LDF (RLIN)
a 7
b cbc
c orignew
d 1
e ocip
f 19
g y-gencatlg
942 ## - عناصر المدخل الإضافي( كوها)
مصدر التصنيف او مخطط الترفيف Dewey Decimal Classification
Koha [default] item type DVD
المقتنيات
حالة الفقد نموذج السعر الفعال حالة تلف ليس للاعارة رقم الطلب تاريخ الاكتساب الموقع الحالي الباركود الفرع الرئيسي Date last seen نوع المادة فى نظام كوها مصدر التصنيف او خطة الترفيف Total Checkouts Date last checked out
  2013-03-10     658.8 KDP 2012-12-27 المكتبة المركزية بالمجمعة (CL) 00400720 المكتبة المركزية بالمجمعة (CL) 2013-03-10 كتاب Dewey Decimal Classification    
  2013-03-10     658.8 KDP 2012-12-27 المكتبة المركزية بالمجمعة (CL) 00400721 المكتبة المركزية بالمجمعة (CL) 2013-03-10 كتاب Dewey Decimal Classification    
  2013-03-10     658.8 KDP 2012-12-27 المكتبة المركزية بالمجمعة (CL) 00400722 المكتبة المركزية بالمجمعة (CL) 2017-02-23 كتاب Dewey Decimal Classification 1 2017-01-19